Gardening with nature /

"In Gardening with Nature, James van Sweden shows home gardeners and professionals how to conceive, design, build, and plant the romantic gardens for which he is renowned." "In Part 1, van Sweden describes formative influences and outlines his credo: bold, massed, asymmetrical plant g...

Full description

Saved in:
Bibliographic Details
Main Author: Van Sweden, James, 1935-
Other Authors: Oehme, Wolfgang, 1930-, Oehme, Wolfgang, 1930-2011.
Format: Book
Language:English
Published: New York : Random House, c1997.
Edition:1st ed.
Subjects:
Tags: Add Tag
No Tags, Be the first to tag this record!
LEADER 02236cam a2200349 a 4500
001 007777409-4
005 20131028143527.0
008 970113s1997 nyuae b 001 0 eng
010 |a  97005145  
020 |a 0679429476 (alk. paper) 
020 |a 0679429468 
035 0 |a ocm36407720 
040 |a DLC  |c DLC  |d C#P  |d DGL 
043 |a n-us--- 
050 0 0 |a SB457.53  |b .V35 1997 
082 0 0 |a 712  |2 21 
100 1 |a Van Sweden, James,  |d 1935- 
245 1 0 |a Gardening with nature /  |c James van Sweden [with Wolfgang Oehme]. 
250 |a 1st ed. 
260 |a New York :  |b Random House,  |c c1997. 
300 |a xv, 207 p. :  |b ill. (some col.), plans ;  |c 26 cm. 
504 |a Includes bibliographical references (p. 201) and index. 
520 1 |a "In Gardening with Nature, James van Sweden shows home gardeners and professionals how to conceive, design, build, and plant the romantic gardens for which he is renowned." "In Part 1, van Sweden describes formative influences and outlines his credo: bold, massed, asymmetrical plant groupings, reverence for site, low maintenance, and attention to all seasons. Part 2 explores design strategies and then embarks on a garden tour to show the rationale behind specific plant choices and design decisions. Part 3, "Planting Your Garden Step-by Step," gives the nuts and bolts and hundreds of useful tips, and Part 4, "Favorite Plants," offers a short, illustrated glossary of plants photographed in garden settings."--Jacket. 
505 0 |a Evolution of a style -- Influences -- The new American garden -- Planting our gardens -- Elements of design -- Portfolio of gardens -- Planting your garden step-by-step -- Start with a base drawing -- Evaluate your property -- Create a planting scheme -- Prepare and plant your garden -- Establish and maintain your garden -- Favorite plants. 
650 0 |a Natural gardens  |z United States. 
650 0 |a Natural landscaping  |z United States. 
650 0 |a Gardens  |z United States  |v Pictorial works. 
700 1 |a Oehme, Wolfgang,  |d 1930- 
700 1 |a Oehme, Wolfgang,  |d 1930-2011. 
776 0 8 |i Online version:  |a Van Sweden, James, 1935-  |t Gardening with nature.  |b 1st ed.  |d New York : Random House, ©1997  |w (OCoLC)755178174 
988 |a 20020608 
906 |0 DLC